Immaterial world : (Record no. 7615)

000 -LEADER
fixed length control field 02491cam a2200217 a 4500
003 - CONTROL NUMBER IDENTIFIER
control field OSt
005 - DATE AND TIME OF LATEST TRANSACTION
control field 20200317104040.0
008 - FIXED-LENGTH DATA ELEMENTS--GENERAL INFORMATION
fixed length control field 100929s2011 nyua 000 0 eng
020 ## - INTERNATIONAL STANDARD BOOK NUMBER
International Standard Book Number 9781580933148 (hardcover)
082 00 - DEWEY DECIMAL CLASSIFICATION NUMBER
Classification number 724.7
Edition number 22
Item number KRI
100 1# - MAIN ENTRY--PERSONAL NAME
Personal name Kristal, Marc.
245 10 - TITLE STATEMENT
Title Immaterial world :
Remainder of title transparency in architecture /
Statement of responsibility, etc Marc Kristal.
246 30 - VARYING FORM OF TITLE
Title proper/short title Transparency in architecture
250 ## - EDITION STATEMENT
Edition statement 1st ed.
260 ## - PUBLICATION, DISTRIBUTION, ETC. (IMPRINT)
Place of publication, distribution, etc New York :
Name of publisher, distributor, etc Monacelli Press,
Date of publication, distribution, etc c2011.
300 ## - PHYSICAL DESCRIPTION
Extent 214 p. :
Other physical details ill. (some col.) ;
Dimensions 29 cm.
505 0# - FORMATTED CONTENTS NOTE
Formatted contents note Siamese towers, Santiago, Chile, Alejandro Aragena -- Salt point house, Salt Point, New York, Thomas Phifer and partners -- Svalbard Science Center, Longyearbyen, Spitzberge, Svalbard, Norway, Jarmund/Vigsnaes architects MNAL -- Palms house, Venice, California, Daily Genik architects -- Alice Tully Hall, New York, New York, Diller Scofidio + Renfron with FXFOWLE -- Koby Cottage, Albion, Michigan, Garrison architects -- Lauder School of government, diplomacy and strategy and Arison School of Business, Israel, Ada Karmi-Melamede architects -- Dow Jones, New York, New York, STUDIOS architecture -- California Academy of Sciences, San Francisco, California, Renzo Piano Building workshop -- Great (bamboo) wall, Beijing, China, Kengo Kuma & Associates -- Renaissance Paris Arc de Triomphe Hotel, Paris, France, Atelier Christian de Portzamparc -- Aqua Tower, Chicago, Illinois, Studio Gang architects -- 23 Beekman Place, New York, New York, Della Valle Bernheimer -- Tietgenkollegiet, Copenhagen, Denmark, Lundgaard & Tranberg architects -- Xsmall House, North Cambridge, Massachusetts, UNI -- Tod's Omotesando, Shibuya-ku, Tokyo, Japan, Toyo Ito & Associates architects -- Greenwich Townhouse, New York, New York, Matthew Baird architects -- Fiera Milano, Milan, Italy, Massimiliano Fuksas architetto -- Hotel Aire de Bardenas, Tudela, Navarre, Spain, Emiliano López Mónica Rivera architects -- Formosa 1140, West Hollywood, California, Lorcan O'Herlihy architects -- Yas Hotel, Abu Dhabi, United Arab Emirates, Asymptote architecture -- Airspace Tokyo, Tokyo, Japan, Studio M, Faulders Studio -- 41 Cooper Square, New York, New York, Morphosis architects -- Solar umbrella, Venice, California, Pugh + Scarpa architects -- Glass pavilion at the Toledo Museum of Art, Toledo, Ohio, Kazuyo Sejima and Ryue Nishizawa/SANAA.
650 #0 - SUBJECT ADDED ENTRY--TOPICAL TERM
Topical term or geographic name as entry element Architecture, Modern
Chronological subdivision 21st century
General subdivision Themes, motives.
650 #0 - SUBJECT ADDED ENTRY--TOPICAL TERM
Topical term or geographic name as entry element Transparency in architecture.
942 ## - ADDED ENTRY ELEMENTS (KOHA)
Source of classification or shelving scheme
Holdings
Withdrawn status Lost status Source of classification or shelving scheme Damaged status Koha normalized classification for sorting Not for loan Permanent location Current location Date acquired Total Checkouts Full call number Barcode Date last seen Date last borrowed Price effective from Koha item type
        724_700000000000000_KRI   BMS College of Architecture, Design and Planning BMS College of Architecture, Design and Planning 2020-03-17 3 724.7 KRI AR-UG1732 2023-03-23 2023-03-02 2020-03-17 UG Books
Copyright © 2025, The Librarian, Library and Information Centre, BMSCA D&P, Bengaluru. All Rights Reserved
web counter

Powered by Koha